[Event "BCC op 21st"]
[Site "Hua Hin"]
[Date "2024.04.20"]
[Round "8"]
[White "Cao, Qingfeng"]
[Black "Morris, James"]
[Result "0-1"]
[WhiteElo "2038"]
[BlackElo "2432"]
[PlyCount "104"]
[EventDate "2024.04.13"]
[EventType "swiss"]
[EventRounds "9"]
[EventCountry "THA"]
[SourceTitle "CB18_2024"]
[SourceDate "2024.05.01"]
[SourceVersion "1"]
[SourceVersionDate "2024.05.01"]
[SourceQuality "2"]

1. d4 Nf6 2. c4 e6 3. Nf3 Bb4+ 4. Nbd2 b6 5. a3 Bxd2+ 6. Bxd2 Bb7 7. e3 d6 8. Be2 Ne4 9. 0-0 Nd7 10. b4 0-0 11. Qc2 Qe7 12. Rab1 c5 13. Rfd1 Nxd2 14. Qxd2 Nf6 15. a4 Rac8 16. bxc5 dxc5 17. a5 Bxf3 18. Bxf3 cxd4 19. exd4 Rxc4 20. axb6 axb6 21. Rxb6 Rd8 22. Qb2 h6 23. h3 Qc7 24. Rb4 Rc2 25. Qb3 Rc3 26. Qb2 Rc8 27. Qd2 Qd6 28. Rb7 Rc2 29. Qe3 Rd8 30. Qb3 Rcc8 31. Rb5 Rb8 32. Rxb8 Rxb8 33. Qc3 Rd8 34. Qc5 Qxc5 35. dxc5 Rxd1+ 36. Bxd1 Kf8 37. f4 Ke7 38. Bf3 Nd7 39. c6 Nb6 40. Kf2 Kd6 41. g4 Nd5 42. f5 Kxc6 43. h4 exf5 44. gxf5 Kd6 45. Kg3 Ke5 46. Bxd5 Kxd5 47. Kf4 Kd4 48. Kg4 Ke5 49. Kh5 Kf4 50. f6 gxf6 51. Kxh6 Kg4 52. Kg7 f5 0-1

[Event "BCC op 21st"]
[Site "Hua Hin"]
[Date "2024.04.18"]
[Round "6"]
[White "Cao, Qingfeng"]
[Black "Nie, Xinyang"]
[Result "1-0"]
[WhiteElo "2038"]
[BlackElo "2433"]
[PlyCount "121"]
[EventDate "2024.04.13"]
[EventType "swiss"]
[EventRounds "9"]
[EventCountry "THA"]
[SourceTitle "CB18_2024"]
[SourceDate "2024.05.01"]
[SourceVersion "1"]
[SourceVersionDate "2024.05.01"]
[SourceQuality "2"]

1. d4 Nf6 2. c4 e6 3. Nf3 Bb4+ 4. Nbd2 d5 5. a3 Be7 6. g3 0-0 7. Bg2 b6 8. cxd5 exd5 9. 0-0 a5 10. Nb1 Bb7 11. Nc3 c5 12. Bf4 Nc6 13. e3 Ne4 14. h4 Nxc3 15. bxc3 a4 16. Ne5 Nxe5 17. Bxe5 Qd7 18. dxc5 bxc5 19. Rb1 Bc6 20. Rb6 Rae8 21. c4 Bd8 22. Rxc6 Qxc6 23. Bxd5 Qa6 24. Qa1 Qg6 25. Kh2 Re7 26. e4 Bc7 27. Bxc7 Rxc7 28. Rb1 Re7 29. Rb5 Kh8 30. Qb1 Ree8 31. f4 Rc8 32. Qd1 f6 33. Qxa4 Qh5 34. Qc2 Qf3 35. Rb3 Qf1 36. a4 h6 37. f5 Qe1 38. Qa2 Rfe8 39. Rb1 Qa5 40. Rb5 Qe1 41. Qb1 Qe2+ 42. Kh3 Kh7 43. Rb2 Rb8 44. Rxe2 Rxb1 45. Ra2 Reb8 46. e5 fxe5 47. f6 R1b6 48. a5 Ra6 49. f7 Rf8 50. h5 g5 51. Kg4 Kg7 52. Kf5 Rb8 53. Ra3 Rb1 54. Kxe5 Rf6 55. f8Q+ Rxf8 56. a6 Re1+ 57. Kd6 Rd8+ 58. Kxc5 Rc8+ 59. Kd6 Rd8+ 60. Kc7 Ree8 61. a7 1-0

[Event "CHN-ch U16"]
[Site "Shanghai"]
[Date "2024.02.18"]
[Round "5"]
[White "Cao, Qingfeng"]
[Black "Gong, Sunle"]
[Result "1/2-1/2"]
[WhiteElo "2016"]
[BlackElo "2108"]
[PlyCount "56"]
[EventDate "2024.02.16"]
[EventType "swiss"]
[EventRounds "11"]
[EventCountry "CHN"]
[SourceTitle "CB09_2024"]
[SourceDate "2024.02.28"]
[SourceVersion "1"]
[SourceVersionDate "2024.02.28"]
[SourceQuality "1"]

1. d4 d5 2. c4 c6 3. Nf3 Nf6 4. e3 e6 5. Nbd2 Nbd7 6. Bd3 Bd6 7. 0-0 0-0 8. e4 e5 9. cxd5 cxd5 10. Re1 Re8 11. exd5 exd4 12. Ne4 Bb4 13. Nxf6+ Nxf6 14. Rxe8+ Nxe8 15. Qb3 Qb6 16. h3 h6 17. Bf4 Bd6 18. Qxb6 axb6 19. Re1 Bf5 20. Bxf5 Bxf4 21. g3 Bg5 22. Nxd4 Nd6 23. Bd3 g6 24. Nb5 Nxb5 25. Bxb5 Rxa2 26. b3 Rd2 27. Bc4 b5 28. Bxb5 Rxd5 1/2-1/2

[Event "Wch U16"]
[Site "Montesilvano"]
[Date "2023.11.13"]
[Round "1"]
[White "Chyndygyr, Tamerlan"]
[Black "Cao, Qingfeng"]
[Result "1-0"]
[WhiteElo "2260"]
[BlackElo "1853"]
[PlyCount "83"]
[EventDate "2023.11.13"]
[EventType "swiss"]
[EventRounds "11"]
[EventCountry "ITA"]
[SourceTitle "CB48_2023"]
[SourceDate "2023.11.29"]
[SourceVersion "1"]
[SourceVersionDate "2023.11.29"]
[SourceQuality "1"]

1. d4 Nf6 2. c4 e6 3. Nc3 Bb4 4. Qc2 d5 5. Nf3 0-0 6. cxd5 exd5 7. Bg5 h6 8. Bh4 c5 9. dxc5 Be6 10. e3 Nbd7 11. Be2 g5 12. Bg3 Ne4 13. 0-0 Bxc3 14. bxc3 Rc8 15. Nd4 Qe7 16. c6 bxc6 17. c4 Nxg3 18. hxg3 dxc4 19. Bxc4 Bxc4 20. Qxc4 c5 21. Nf5 Qf6 22. e4 Nb6 23. Qc2 c4 24. Rad1 Rcd8 25. e5 Qxe5 26. Nxh6+ Kg7 27. Rde1 Qf6 28. Ng4 Qd4 29. Qf5 Rh8 30. Qxg5+ Kf8 31. Qe7+ Kg7 32. Ne5 Qd5 33. Rd1 Qe6 34. Qg5+ Kh7 35. Rxd8 Rxd8 36. Qxd8 Qxe5 37. Rd1 c3 38. Qd3+ Kg7 39. g4 Na4 40. Qd4 Qxd4 41. Rxd4 Nb2 42. Rd6 1-0

[Event "CHN-ch U16"]
[Site "Shenzhen"]
[Date "2023.08.01"]
[Round "9"]
[White "Chen, Zhi"]
[Black "Cao, Qingfeng"]
[Result "1/2-1/2"]
[WhiteElo "1989"]
[BlackElo "1703"]
[PlyCount "64"]
[EventDate "2023.07.28"]
[EventType "swiss"]
[EventRounds "11"]
[EventCountry "CHN"]
[SourceTitle "CBM 215 Extra"]
[Source "ChessBase"]
[SourceDate "2023.09.30"]
[SourceVersion "1"]
[SourceVersionDate "2023.09.30"]
[SourceQuality "1"]

1. e4 c6 2. Nc3 d5 3. Nf3 Bg4 4. h3 Bxf3 5. Qxf3 e6 6. Be2 Nf6 7. 0-0 Nbd7 8. d3 Bd6 9. Bf4 Qc7 10. Bxd6 Qxd6 11. d4 dxe4 12. Qe3 0-0 13. Nxe4 Nxe4 14. Qxe4 Nf6 15. Qe3 Nd5 16. Qb3 Nf4 17. Bf3 Qc7 18. Rfd1 Rfd8 19. c4 Rd7 20. Rac1 Rad8 21. d5 c5 22. Qe3 h6 23. Rd2 Ng6 24. Rcd1 Nf8 25. Bg4 Rd6 26. dxe6 Nxe6 27. Bxe6 Rxd2 28. Rxd2 Rxd2 29. Qxd2 fxe6 30. g3 Qe5 31. Qd8+ Kh7 32. Qd3+ Kg8 1/2-1/2

[Event "CHN-ch U16"]
[Site "Shenzhen"]
[Date "2023.07.30"]
[Round "6"]
[White "Cao, Qingfeng"]
[Black "Li, Shanglin"]
[Result "1/2-1/2"]
[WhiteElo "1703"]
[BlackElo "2142"]
[PlyCount "44"]
[EventDate "2023.07.28"]
[EventType "swiss"]
[EventRounds "11"]
[EventCountry "CHN"]
[SourceTitle "CBM 215 Extra"]
[Source "ChessBase"]
[SourceDate "2023.09.30"]
[SourceVersion "1"]
[SourceVersionDate "2023.09.30"]
[SourceQuality "1"]

1. d4 Nf6 2. c4 g6 3. Nc3 d5 4. cxd5 Nxd5 5. e4 Nxc3 6. bxc3 Bg7 7. Nf3 c5 8. Bb5+ Nc6 9. 0-0 0-0 10. Be3 cxd4 11. cxd4 Bg4 12. Bxc6 bxc6 13. Rc1 Rc8 14. Rc5 Bxf3 15. gxf3 Qd7 16. Qe2 Rfd8 17. Rd1 Qh3 18. f4 Rb8 19. Rxc6 Rb2 20. Rc2 Rxc2 21. Qxc2 Qg4+ 22. Kf1 Qh3+ 1/2-1/2

[Event "CHN-ch U16"]
[Site "Shenzhen"]
[Date "2023.07.30"]
[Round "5"]
[White "Ji, Jiadong"]
[Black "Cao, Qingfeng"]
[Result "0-1"]
[WhiteElo "1915"]
[BlackElo "1703"]
[PlyCount "90"]
[EventDate "2023.07.28"]
[EventType "swiss"]
[EventRounds "11"]
[EventCountry "CHN"]
[SourceTitle "CBM 215 Extra"]
[Source "ChessBase"]
[SourceDate "2023.09.30"]
[SourceVersion "1"]
[SourceVersionDate "2023.09.30"]
[SourceQuality "1"]

1. e4 c6 2. Nf3 d5 3. Nc3 Bg4 4. Be2 e6 5. h3 Bh5 6. d4 Nf6 7. e5 Nfd7 8. g4 Bg6 9. h4 h5 10. gxh5 Bxh5 11. Ng5 Bxe2 12. Qxe2 Na6 13. Bd2 Nc7 14. 0-0-0 c5 15. dxc5 Nxc5 16. Rh3 f6 17. Nf3 Qd7 18. h5 0-0-0 19. h6 gxh6 20. exf6 e5 21. Rdh1 d4 22. Ne4 d3 23. Nxc5 Qxh3 24. Rxh3 dxe2 25. Ne4 Rg8 26. Rh1 Rg4 27. Ng3 Rg6 28. Nxe5 Rxf6 29. f4 Rfd6 30. Nd3 Re8 31. Ne5 Ra6 32. a3 Bg7 33. Nd3 Rg6 34. Nf5 Bf8 35. Ne3 Rg3 36. Nc4 Rf3 37. Re1 Rf1 38. Be3 Nd5 39. Kd2 Rxe1 40. Nxe1 Nxe3 41. Nxe3 Bd6 42. N1g2 Bxf4 43. Kxe2 Bxe3 44. Nxe3 Kd7 45. Kf3 Ke6 0-1

[Event "CHN-chT"]
[Site "Hangzhou"]
[Date "2023.05.26"]
[Round "8.4"]
[White "Cao, Qingfeng"]
[Black "Gao, Kai"]
[Result "0-1"]
[WhiteElo "1723"]
[BlackElo "1812"]
[PlyCount "66"]
[EventDate "2023.05.19"]
[EventType "team-swiss"]
[EventRounds "9"]
[EventCountry "CHN"]
[SourceTitle "CBM 214 Extra"]
[Source "ChessBase"]
[SourceDate "2023.07.31"]
[SourceVersion "1"]
[SourceVersionDate "2023.07.31"]
[SourceQuality "1"]
[WhiteTeam "Chongqing"]
[BlackTeam "Zhejiang"]
[WhiteTeamCountry "CHN"]
[BlackTeamCountry "CHN"]

1. d4 Nf6 2. c4 e6 3. Nc3 d5 4. Bg5 Be7 5. e3 0-0 6. Rc1 b6 7. cxd5 Nxd5 8. Nxd5 exd5 9. Bxe7 Qxe7 10. Ne2 Ba6 11. Nf4 Bxf1 12. Kxf1 Qd6 13. g3 Nd7 14. Kg2 Rac8 15. a3 a5 16. Qd3 Nf6 17. Rhd1 Rfd8 18. Qb5 c5 19. dxc5 Rc7 20. c6 Rxc6 21. Rc4 Rcc8 22. Rcc1 Rc5 23. Rxc5 Qxc5 24. Qd3 h6 25. Ne2 Ne4 26. Rc1 Qd6 27. Nd4 Qf6 28. Rc2 g6 29. Qb5 Kg7 30. f3 Nc5 31. b4 axb4 32. axb4 Ne6 33. Qxb6 Nf4+ 0-1

[Event "CHN-chT"]
[Site "Hangzhou"]
[Date "2023.05.25"]
[Round "7.4"]
[White "Yang, Zilong"]
[Black "Cao, Qingfeng"]
[Result "1-0"]
[WhiteElo "1895"]
[BlackElo "1723"]
[PlyCount "105"]
[EventDate "2023.05.19"]
[EventType "team-swiss"]
[EventRounds "9"]
[EventCountry "CHN"]
[SourceTitle "CBM 214 Extra"]
[Source "ChessBase"]
[SourceDate "2023.07.31"]
[SourceVersion "1"]
[SourceVersionDate "2023.07.31"]
[SourceQuality "1"]
[WhiteTeam "Jiangsu"]
[BlackTeam "Chongqing"]
[WhiteTeamCountry "CHN"]
[BlackTeamCountry "CHN"]

1. e4 c6 2. d4 d5 3. Nc3 dxe4 4. Nxe4 Bf5 5. Ng3 Bg6 6. h4 h6 7. Nf3 Nd7 8. h5 Bh7 9. Bd3 Bxd3 10. Qxd3 Ngf6 11. Bd2 e6 12. 0-0-0 Be7 13. Qe2 0-0 14. Nf1 Nb6 15. c4 Qc8 16. Bc3 c5 17. b3 a5 18. dxc5 Qxc5 19. Ne3 Nbd5 20. Nxd5 exd5 21. Bd4 Qb4 22. cxd5 Nxd5 23. Qd2 Rfc8+ 24. Kb1 Rc3 25. Rc1 Rac8 26. Bxc3 Nxc3+ 27. Rxc3 Rxc3 28. Re1 a4 29. Rxe7 axb3 30. Re8+ Kh7 31. a3 Qc4 32. Re3 Rc2 33. Qd3+ Qxd3 34. Rxd3 Rxf2 35. g4 Rg2 36. Rd4 g6 37. hxg6+ fxg6 38. Rd7+ Kg8 39. Rxb7 Rxg4 40. Rxb3 h5 41. Ne5 Rg1+ 42. Kc2 Rg2+ 43. Kd3 g5 44. Ke4 Kf8 45. Kd5 h4 46. Ke6 Rg3 47. Rb8+ Kg7 48. Rb7+ Kf8 49. Ng6+ Kg8 50. Kf6 Rf3+ 51. Kxg5 Rf7 52. Rc7 Re7 53. Rxe7 1-0

[Event "CHN-chTB"]
[Site "Hefei"]
[Date "2023.04.21"]
[Round "7"]
[White "Jiang, Liu"]
[Black "Cao, Qingfeng"]
[Result "1/2-1/2"]
[WhiteElo "1626"]
[BlackElo "1651"]
[PlyCount "115"]
[EventDate "2023.04.17"]
[EventType "team-swiss"]
[EventRounds "9"]
[EventCountry "CHN"]
[SourceTitle "EXT 2024"]
[Source "ChessBase"]
[SourceDate "2023.10.10"]
[SourceVersion "1"]
[SourceVersionDate "2023.10.10"]
[SourceQuality "1"]
[WhiteTeam "Heilongjiang"]
[BlackTeam "Chongqing Qilin"]
[WhiteTeamCountry "CHN"]
[BlackTeamCountry "CHN"]

1. d4 Nf6 2. c4 e6 3. Nf3 b6 4. g3 Bb7 5. Bg2 Be7 6. Nc3 0-0 7. 0-0 Ne4 8. Qc2 Nxc3 9. Qxc3 d6 10. b3 a5 11. Bb2 Nd7 12. Qc2 f5 13. Ng5 Bxg2 14. Nxe6 Be4 15. Qd2 Qc8 16. d5 f4 17. Nxf8 Qxf8 18. f3 Bg6 19. Qxf4 Qxf4 20. gxf4 Nc5 21. Bd4 Rf8 22. e3 Nd3 23. Rad1 Nb4 24. Rd2 Nc2 25. Rc1 Nxd4 26. Rxd4 Bh5 27. Rf1 Bf6 28. Rd3 Bb2 29. Rd2 Ba3 30. Kg2 Bc5 31. Re2 a4 32. Kg3 axb3 33. axb3 b5 34. e4 Rb8 35. e5 bxc4 36. bxc4 Rb3 37. e6 Kf8 38. Ra2 Ke7 39. Ra4 Rc3 40. Ra8 Rxc4 41. Rg8 Bd4 42. Rd1 Bf6 43. Rd3 Be8 44. Rb3 Rc1 45. Rb8 Rg1+ 46. Kf2 Bd4+ 47. Ke2 Bg6 48. f5 Bh5 49. Rbd8 Bb6 50. Rd7+ Kf6 51. Rf8+ Ke5 52. e7 Rg2+ 53. Kf1 Rg1+ 54. Ke2 Rg2+ 55. Kf1 Rg1+ 56. Ke2 Rg2+ 57. Kf1 Rg1+ 58. Ke2 1/2-1/2

[Event "CHN-chTB"]
[Site "Hefei"]
[Date "2023.04.21"]
[Round "8"]
[White "Zhang, Zhi"]
[Black "Cao, Qingfeng"]
[Result "1/2-1/2"]
[WhiteElo "1626"]
[BlackElo "1651"]
[PlyCount "100"]
[EventDate "2023.04.17"]
[EventType "team-swiss"]
[EventRounds "9"]
[EventCountry "CHN"]
[SourceTitle "EXT 2024"]
[Source "ChessBase"]
[SourceDate "2023.10.10"]
[SourceVersion "1"]
[SourceVersionDate "2023.10.10"]
[SourceQuality "1"]
[WhiteTeam "Beijing"]
[BlackTeam "Chongqing Qilin"]
[WhiteTeamCountry "CHN"]
[BlackTeamCountry "CHN"]

1. Nf3 Nf6 2. c4 e6 3. Nc3 d5 4. d4 c6 5. g3 Be7 6. Bg2 0-0 7. 0-0 b6 8. Bf4 Ba6 9. cxd5 cxd5 10. a3 Nh5 11. Be3 f5 12. Qd2 Bb7 13. b4 a6 14. Rfc1 b5 15. Bf4 Nxf4 16. Qxf4 Bd6 17. Qe3 Qe7 18. Ne5 Bxe5 19. Qxe5 Nd7 20. Qc7 Rab8 21. a4 Rfc8 22. Qa5 Bc6 23. axb5 axb5 24. Nxb5 Rxb5 25. Rxc6 Rxc6 26. Qxb5 Rb6 27. Qd3 Qxb4 28. Rd1 Qa4 29. Bf3 Rb4 30. g4 f4 31. g5 Nf8 32. e4 Rb3 33. Qe2 dxe4 34. Qxe4 Qa3 35. Bg4 Qd6 36. Re1 Rb4 37. Bxe6+ Nxe6 38. Qxe6+ Qxe6 39. Rxe6 Rxd4 40. Kg2 Ra4 41. h4 Kf7 42. Rb6 Rc4 43. Kf3 Ra4 44. Kg4 f3+ 45. Kg3 Ra3 46. h5 Rc3 47. Rb4 Ra3 48. Rf4+ Ke6 49. g6 hxg6 50. hxg6 Ra1 1/2-1/2

[Event "CHN-chT"]
[Site "Nanjing"]
[Date "2023.02.17"]
[Round "4.4"]
[White "Cao, Qingfeng"]
[Black "Liu, Yiming1111"]
[Result "1-0"]
[WhiteElo "1623"]
[BlackElo "1482"]
[PlyCount "81"]
[EventDate "2023.02.14"]
[EventType "team-swiss"]
[EventRounds "9"]
[EventCountry "CHN"]
[SourceTitle "CBM 212 Extra"]
[Source "ChessBase"]
[SourceDate "2023.03.31"]
[SourceVersion "1"]
[SourceVersionDate "2023.03.31"]
[SourceQuality "1"]
[WhiteTeam "Chongqing"]
[BlackTeam "Hebei"]
[WhiteTeamCountry "CHN"]
[BlackTeamCountry "CHN"]

1. d4 d5 2. c4 c6 3. Nf3 Nf6 4. Qc2 dxc4 5. Qxc4 Bf5 6. g3 e6 7. Bg2 Nbd7 8. 0-0 Be7 9. Nc3 0-0 10. Re1 Ne4 11. Bf4 Qb6 12. Nh4 Bxh4 13. Nxe4 Be7 14. Bd6 Bxd6 15. Nxd6 Bg6 16. e4 e5 17. Bh3 Qc7 18. Nf5 exd4 19. Qxd4 Ne5 20. Qc3 Rad8 21. Re3 b5 22. b3 Rfe8 23. Rae1 b4 24. Qa1 Qb6 25. Kh1 f6 26. Kg2 Bh5 27. Qc1 Kh8 28. Qc2 g6 29. Nh6 Kg7 30. g4 Kxh6 31. gxh5 Kxh5 32. f4 Nf7 33. Qf2 Kh6 34. e5 Qd4 35. Qh4+ Kg7 36. Qxf6+ Kf8 37. Be6 Re7 38. Bc4 c5 39. R1e2 Qa1 40. Bxf7 Rd1 41. Be6+ 1-0

[Event "China zt 3.5"]
[Site "Shaoxing"]
[Date "2021.05.29"]
[Round "7"]
[White "Cao, Qingfeng"]
[Black "Ma, Ling"]
[Result "1/2-1/2"]
[WhiteElo "1514"]
[BlackElo "2184"]
[PlyCount "131"]
[EventDate "2021.05.23"]
[EventType "swiss"]
[EventRounds "9"]
[EventCountry "CHN"]
[SourceTitle "CBM 202 Extra"]
[Source "ChessBase"]
[SourceDate "2021.07.31"]
[SourceVersion "1"]
[SourceVersionDate "2021.07.31"]
[SourceQuality "1"]

1. d4 Nf6 2. c4 c5 3. dxc5 e6 4. Nc3 Bxc5 5. Nf3 0-0 6. e3 Nc6 7. Be2 b6 8. 0-0 Bb7 9. a3 Be7 10. e4 Qc7 11. Bg5 Rfd8 12. Rc1 Ne5 13. Kh1 Nxf3 14. Bxf3 Ng4 15. Bxg4 Bxg5 16. Rc2 Qxc4 17. f4 Bh4 18. Bf3 Rac8 19. Rd2 d6 20. Be2 Qc5 21. Nb5 Bxe4 22. b4 Qc6 23. Rg1 Rd7 24. Nd4 Qb7 25. Qa4 Bf2 26. Ba6 Bxg2+ 27. Rxg2 Rc1+ 28. Rd1 Rxd1+ 29. Qxd1 Qd5 30. Qc2 Bh4 31. Ne2 g6 32. Ng3 Qf3 33. f5 exf5 34. Nxf5 Bf6 35. Qd3 Qf4 36. Ne3 Re7 37. Nc2 Rc7 38. Qf1 Qh4 39. Ne3 Bg5 40. Rg4 Qh5 41. Rc4 Re7 42. Rc8+ Kg7 43. Be2 Qh6 44. Nd5 Rd7 45. Bg4 Qh4 46. Bxd7 Qe4+ 47. Kg1 Qxd5 48. Qe2 Bf6 49. Rc4 Bd4+ 50. Rxd4 Qxd4+ 51. Qf2 Qa1+ 52. Kg2 Qxa3 53. Qd4+ Kg8 54. Qxd6 Qb2+ 55. Kf3 Qc3+ 56. Ke4 a5 57. b5 a4 58. Bc6 a3 59. Bd5 a2 60. Bxf7+ Kxf7 61. Qd7+ Kf6 62. Qd8+ Kf7 63. Qd7+ Kf8 64. Qd8+ Kf7 65. Qd7+ Kf6 66. Qd8+ 1/2-1/2

[Event "China zt 3.5"]
[Site "Shaoxing"]
[Date "2021.05.28"]
[Round "6"]
[White "Jin, Yueheng"]
[Black "Cao, Qingfeng"]
[Result "0-1"]
[WhiteElo "1927"]
[BlackElo "1514"]
[PlyCount "68"]
[EventDate "2021.05.23"]
[EventType "swiss"]
[EventRounds "9"]
[EventCountry "CHN"]
[SourceTitle "CBM 202 Extra"]
[Source "ChessBase"]
[SourceDate "2021.07.31"]
[SourceVersion "1"]
[SourceVersionDate "2021.07.31"]
[SourceQuality "1"]

1. d4 d5 2. c4 e6 3. Nc3 a6 4. cxd5 exd5 5. Nf3 Nf6 6. Bg5 Be6 7. e3 Nbd7 8. Bd3 Bd6 9. Qc2 c6 10. Rb1 Bg4 11. Bh4 Bh5 12. Bg3 Qe7 13. Nh4 Bg6 14. Nf5 Bxf5 15. Bxf5 Bxg3 16. hxg3 Nb6 17. b3 Nc8 18. Bxc8 Rxc8 19. b4 0-0 20. Qd3 Rfe8 21. Na4 g6 22. 0-0 Ng4 23. Rfc1 Qg5 24. Kf1 Re6 25. Rc3 Rce8 26. Rb2 Qh6 27. Ke2 Qh1 28. Qd2 Nxf2 29. Qc1 Qxg2 30. Qf1 Rxe3+ 31. Rxe3 Rxe3+ 32. Kxe3 Ng4+ 33. Kf4 Qxf1+ 34. Kxg4 Qf5+ 0-1

[Event "China zt 3.5"]
[Site "Shaoxing"]
[Date "2021.05.27"]
[Round "5"]
[White "Cao, Qingfeng"]
[Black "Li, Guohao"]
[Result "1-0"]
[WhiteElo "1514"]
[BlackElo "2117"]
[PlyCount "121"]
[EventDate "2021.05.23"]
[EventType "swiss"]
[EventRounds "9"]
[EventCountry "CHN"]
[SourceTitle "CBM 202 Extra"]
[Source "ChessBase"]
[SourceDate "2021.07.31"]
[SourceVersion "1"]
[SourceVersionDate "2021.07.31"]
[SourceQuality "1"]

1. d4 d5 2. c4 c6 3. cxd5 cxd5 4. Nc3 Nc6 5. Nf3 Nf6 6. Bf4 a6 7. e3 g6 8. Bd3 Bg7 9. 0-0 0-0 10. Rc1 e6 11. a3 Nh5 12. Bg5 Qd6 13. Bh4 Na5 14. Qa4 b6 15. b4 Bd7 16. Qc2 Nc4 17. Bxc4 dxc4 18. Ne4 Qd5 19. Nfd2 f5 20. Nc3 Qc6 21. f4 b5 22. Nf3 Qd6 23. Ne5 Nf6 24. Rcd1 Bc6 25. Nxc6 Qxc6 26. Bxf6 Bxf6 27. Rf2 Rfd8 28. g4 fxg4 29. Rg2 a5 30. Rxg4 axb4 31. axb4 Ra3 32. Kf2 Qb6 33. h4 Bxd4 34. exd4 Rxd4 35. Ke2 e5 36. h5 exf4 37. hxg6 Qe6+ 38. Kf1 Qxg4 39. gxh7+ Kg7 40. Rxd4 Qf3+ 41. Ke1 Ra1+ 42. Rd1 Qh1+ 43. Kd2 Qg2+ 44. Ne2 Rxd1+ 45. Qxd1 Kxh7 46. Qg1 Qf3 47. Qa7+ Kg6 48. Qb6+ Kg7 49. Qd4+ Kg6 50. Nxf4+ Kf5 51. Ne2 Qb3 52. Qc5+ Ke4 53. Qc6+ Ke5 54. Qxb5+ Ke4 55. Qc6+ Ke5 56. Qc5+ Kf6 57. Qf2+ Ke5 58. Qe3+ Kd5 59. Qxb3 cxb3 60. Kc3 b2 61. Kxb2 1-0

[Event "China zt 3.5"]
[Site "Shaoxing"]
[Date "2021.05.26"]
[Round "4"]
[White "Cao, Qingfeng"]
[Black "Cai, Lin"]
[Result "0-1"]
[WhiteElo "1514"]
[BlackElo "2021"]
[PlyCount "234"]
[EventDate "2021.05.23"]
[EventType "swiss"]
[EventRounds "9"]
[EventCountry "CHN"]
[SourceTitle "CBM 202 Extra"]
[Source "ChessBase"]
[SourceDate "2021.07.31"]
[SourceVersion "1"]
[SourceVersionDate "2021.07.31"]
[SourceQuality "1"]

1. d4 d6 2. c4 e5 3. dxe5 dxe5 4. Qxd8+ Kxd8 5. Nc3 c6 6. e4 Be6 7. Be3 Nd7 8. 0-0-0 Nh6 9. Be2 Ng4 10. Bxg4 Bxg4 11. Nge2 Bb4 12. f3 Be6 13. b3 Kc7 14. Kc2 f6 15. Rd2 a5 16. Rhd1 Rhd8 17. a4 f5 18. f4 Nc5 19. Bxc5 Rxd2+ 20. Kxd2 Bxc5 21. fxe5 fxe4 22. Nxe4 Bb4+ 23. Ke3 Re8 24. Kf4 Rf8+ 25. Kg3 Bf5 26. Nd6 Bc2 27. Rc1 Bg6 28. c5 Ba3 29. Nd4 Kd7 30. Rd1 Bxc5 31. Nxb7 Bb6 32. Nd6 c5 33. Nf3 Ke7 34. Rd2 Bc7 35. Nb5 Bb8 36. Nc3 Rd8 37. Nd5+ Ke8 38. Kf4 Bf7 39. Ke4 Bg6+ 40. Ke3 Bh5 41. Nf4 Bf7 42. e6 Bg8 43. Ke4 Rxd2 44. Nxd2 Ke7 45. Nc4 g5 46. Nd3 Bxh2 47. Nxa5 Bg1 48. Nb7 Kxe6 49. Ndxc5+ Ke7 50. a5 Bh2 51. a6 Bb8 52. b4 Ba7 53. Kd4 h5 54. b5 h4 55. Na5 Kd6 56. Nab7+ Kc7 57. Ke5 Bc4 58. Nd6 Bf1 59. Ne6+ Kd7 60. Nxg5 Bxg2 61. Nc4 h3 62. Nxh3 Bxh3 63. b6 Bb8+ 64. Kd4 Bg2 65. Ne3 Bc6 66. Nc4 Bh1 67. Kc5 Bg3 68. a7 Be1 69. Kb5 Bd5 70. Ne5+ Kc8 71. Nc6 Kb7 72. Nd8+ Ka8 73. Nc6 Be4 74. Ne5 Kb7 75. Nc4 Bc6+ 76. Kc5 Bg2 77. Kb5 Bf1 78. Kc5 Bf2+ 79. Kb5 Ka8 80. Kb4 Bg2 81. Kb5 Kb7 82. Na5+ Ka8 83. Nc4 Bf1 84. Kb4 Bd4 85. Kb5 Kb7 86. Kb4 Bg2 87. Kb5 Bc6+ 88. Kb4 Ka6 89. Na5 Bg2 90. Nc4 Bd5 91. Ka4 Bc5 92. Kb3 Kb5 93. Kc3 Bf2 94. Kd3 Bc5 95. Kc3 Bg1 96. Kd3 Kc5 97. Ne3 Ba8 98. Nc4 Kb4 99. Ne3 Bb7 100. Nc4 Bc5 101. Nd2 Bxb6 102. Ne4 Bxa7 103. Nd6 Bd5 104. Nf5 Bg8 105. Nd6 Bh7+ 106. Ke2 Kc5 107. Nf7 Kd5 108. Ng5 Bg6 109. Nh3 Ke5 110. Kf3 Bh5+ 111. Kg3 Kf5 112. Kh4 Bg4 113. Kg3 Bb8+ 114. Kg2 Bd6 115. Nf2 Be2 116. Nh3 Kg4 117. Ng1 Bc4 0-1

[Event "China zt 3.5"]
[Site "Shaoxing"]
[Date "2021.05.23"]
[Round "1"]
[White "Xi, Qi"]
[Black "Cao, Qingfeng"]
[Result "1/2-1/2"]
[WhiteElo "2270"]
[BlackElo "1514"]
[PlyCount "122"]
[EventDate "2021.05.23"]
[EventType "swiss"]
[EventRounds "9"]
[EventCountry "CHN"]
[SourceTitle "CBM 202 Extra"]
[Source "ChessBase"]
[SourceDate "2021.07.31"]
[SourceVersion "1"]
[SourceVersionDate "2021.07.31"]
[SourceQuality "1"]

1. d4 d5 2. c4 e6 3. Nc3 a6 4. cxd5 exd5 5. Nf3 Nf6 6. Bg5 Be6 7. e3 Bd6 8. Bd3 Nbd7 9. 0-0 c6 10. Qc2 Qc7 11. Bh4 0-0 12. Bg3 Bxg3 13. hxg3 Rfe8 14. b4 Bg4 15. a4 Rac8 16. Rfc1 Qd6 17. Rab1 b5 18. a5 Bxf3 19. gxf3 h5 20. Kg2 g6 21. Ne2 Qe7 22. Re1 h4 23. gxh4 Kg7 24. Rh1 Rh8 25. e4 dxe4 26. fxe4 Rh6 27. f3 Nh7 28. h5 Qg5+ 29. Ng3 Ndf6 30. Qc1 Nxh5 31. Qxg5 Nxg5 32. Ne2 Ne6 33. Kf2 g5 34. Ke3 Re8 35. Rbc1 Nef4 36. Rhg1 Nd5+ 37. Kd2 Nxb4 38. Rxg5+ Kf6 39. Rf5+ Ke7 40. Bb1 Rc8 41. Rh1 Rch8 42. Kc3 Ng3 43. Re5+ Kd7 44. Re1 Rh1 45. Rxh1 Nxe2+ 46. Kxb4 Rxh1 47. Ba2 Nxd4 48. Bxf7 Nxf3 49. Rf5 Nd4 50. Rg5 Rc1 51. Bg8 c5+ 52. Ka3 b4+ 53. Kb2 Rc2+ 54. Kb1 Rc3 55. Bd5 Nc6 56. Rg6 Ne7 57. Rxa6 Nxd5 58. exd5 Rd3 59. Rb6 Rxd5 60. a6 Kc7 61. a7 Rd8 1/2-1/2